000 00295nam a22001337a 4500
008 170309b xxu||||| |||| 00| 0 eng d
020 _a9780683017113
041 _aeng
080 _a611
100 _a6
101 _aSHM
245 _aMUSCULOSKELETAL ASSESMENT
_cCLARKSON, H.M
942 _2udc
_cBK
999 _c7334
_d7334